00510cam a2200181ua 45000010005000000080039000050200018000440400009000620410008000710820012000791000034000912450061001252600047001863000012002336530012002456530038002577000033002955620170908n ii |||gr||||Z||||||eng a81-7022-967-7 cMAIN aeng a954.162 aNath Gogoi,Jahnabi,eAuthor., aAgrarian System of Medieval AssamcBy Jahnabi Gogoi Nath aDelhi:bConcept Publishing Company,c2002. ax,193p. aHistory aAgrarian System of Medieval Assam1 aNath Gogoi,Jahnabi,eAuthor.